Normal view MARC view

Entry Nombre personal

Number of records used in: 1

001 - NÚMERO DE CONTROL

  • campo de control: 1070

003 - IDENTIFICADOR DE NÚMERO DE CONTROL

  • campo de control: DLC

005 - FECHA Y HORA DE LA ÚLTIMA TRANSACCIÓN

  • campo de control: 20260416150730.0

008 - ELEMENTOS DE DATO DE LONGITUD-FIJA

  • campo de control de longitud fija: 931030n| acannaab| |a aaa |||

010 ## - NÚMERO DE CONTROL DE LA BIBLIOTECA DEL CONGRESO

  • Número de control de LC: n 93107051

040 ## - FUENTE DE CATALOGACIÓN

  • Centro catalogador/agencia de origen: DLC
  • Centro/agencia transcriptor: DLC

100 10 - ENCABEZAMIENTO-NOMBRE DE PERSONA

  • Nombre de persona: Koralski, Vŭti︠u︡,
  • Fechas asociadas al nombre: 1918-

400 10 - TRAZADO DE VÉASE--NOMBRE DE PERSONA

  • Nombre de persona: Koralsky, Vatiu,
  • Fechas asociadas al nombre: 1918-

670 ## - FUENTE DE DATOS ENCONTRADOS

  • Cita de la fuente: Az iskakh da uspei︠a︡!-- 1992:
  • Información encontrada: t.p. (Vŭti︠u︡ Koralski) verso t.p. (Vatiu Koralsky [in rom.]) p. 7 (b. March 3, 1918)